| 000 | 00679nam a22002057a 4500 | ||
|---|---|---|---|
| 003 | OSt | ||
| 005 | 20251027035902.0 | ||
| 008 | 251027b |||||||| |||| 00| 0 eng d | ||
| 020 | _a0-333-98727-6. | ||
| 040 |
_aDWCL-Main lib _cOC |
||
| 082 | _aCirc. 610.73 P223n 2006 | ||
| 100 | _aParahoo, Kader | ||
| 245 |
_aNursing research : _bpriciples, process and issues 2nd ed. |
||
| 260 |
_aN. Y. : _bPalgrave McMillan, _cC2006. |
||
| 300 |
_axii, 481 pages : _billustration ; _c24 cm. |
||
| 504 | _aIncludes bibliographical references and index. | ||
| 650 | _21. Nursing research-Methods. | ||
| 650 | _22. Nursing-Research-Methodologies. | ||
| 942 |
_2ddc _cBK-CIRC _e2nd ed. _kCirc. _n0 |
||
| 999 |
_c5154 _d5154 |
||